[Event "GER-ch35 V1 email"]
[Site "GER email"]
[Date "2003.03.22"]
[Round "?"]
[White "Hartwich, Valentin"]
[Black "Gerer, Joseph"]
[Result "1-0"]
[WhiteElo "2153"]
[BlackElo "2220"]
[PlyCount "91"]
[EventDate "2003.03.22"]
[EventType "tourn (corr)"]
[EventRounds "10"]
[EventCountry "GER"]
[SourceTitle "Corr 2008"]
[Source "ChessBase"]
[SourceDate "2008.06.24"]
[SourceVersion "1"]
[SourceVersionDate "2008.06.24"]
[SourceQuality "1"]

1. d4 d6 2. e4 Nf6 3. Nc3 e5 4. dxe5 dxe5 5. Qxd8+ Kxd8 6. Nf3 Bd6 7. Be3 Ke7 8. 0-0-0 a6 9. h3 b5 10. a3 Bb7 11. Bd3 Nbd7 12. Nh4 g6 13. g4 h6 14. f3 Bc5 15. Bd2 Nf8 16. Rhf1 Ne6 17. Ng2 Bd6 18. Kb1 c5 19. b3 Bc6 20. Ka2 b4 21. Na4 Nd7 22. Ne3 a5 23. h4 h5 24. g5 Rhb8 25. Nd5+ Ke8 26. Nb2 a4 27. Nc4 Bf8 28. f4 exf4 29. Bxf4 Rb7 30. Rde1 bxa3 31. Bd6 axb3+ 32. cxb3 Raa7 33. Re3 Nb8 34. Nf6+ Kd8 35. Bxf8 Nxf8 36. Nd6 Re7 37. Ng8 Re6 38. Nxf7+ Kc7 39. e5 Na6 40. Bxa6 Rxa6 41. Nd6 Nd7 42. Rf7 Kb8 43. Nc4 Nb6 44. Nxb6 Rxb6 45. Rf6 Be8 46. Rc3 1-0

[Event "GER-ch35 V1 email"]
[Site "GER email"]
[Date "2003.03.22"]
[Round "?"]
[White "Hartwich, Valentin"]
[Black "Kiupel, Steffen"]
[Result "1-0"]
[WhiteElo "2153"]
[BlackElo "2137"]
[PlyCount "131"]
[EventDate "2003.03.22"]
[EventType "tourn (corr)"]
[EventRounds "10"]
[EventCountry "GER"]
[SourceTitle "Corr 2008"]
[Source "ChessBase"]
[SourceDate "2008.06.24"]
[SourceVersion "1"]
[SourceVersionDate "2008.06.24"]
[SourceQuality "1"]

1. c4 Nf6 2. d4 g6 3. Nc3 Bg7 4. e4 d6 5. Nf3 0-0 6. Be2 e5 7. 0-0 Nc6 8. d5 Ne7 9. Nd2 Ne8 10. b4 f5 11. a4 a5 12. b5 b6 13. Bb2 fxe4 14. Ndxe4 Nf5 15. Bc1 h6 16. Bg4 Nf6 17. f3 Nxg4 18. fxg4 Nd4 19. Rxf8+ Qxf8 20. Ra2 Qe7 21. Rf2 g5 22. Be3 Bd7 23. Ng3 Rf8 24. Rxf8+ Qxf8 25. h3 Qe7 26. Nce4 Qf8 27. Nd2 Qe7 28. Qb1 Qf6 29. Qe4 Kh8 30. Nh5 Qf7 31. Bxd4 exd4 32. Nxg7 Kxg7 33. Nf3 d3 34. Qxd3 Qf6 35. Qe4 Qa1+ 36. Kf2 Qb2+ 37. Kg3 Qf6 38. h4 gxh4+ 39. Nxh4 Qc3+ 40. Nf3 Qf6 41. Qe3 Kg8 42. g5 hxg5 43. Qxg5+ Qxg5+ 44. Nxg5 Bf5 45. Ne6 Bd3 46. c5 dxc5 47. Nxc7 Bc2 48. d6 Kf7 49. Nd5 Ke6 50. Nxb6 Kxd6 51. Kf4 Bb3 52. Ke4 Bc2+ 53. Ke3 Bb3 54. Kd3 Kc7 55. Kc3 Bd1 56. Nd5+ Kb7 57. Kc4 Bxa4 58. Nc3 Bc2 59. g4 Kc7 60. Kxc5 a4 61. Kb4 Kd6 62. b6 a3 63. Nb5+ Ke7 64. Nxa3 Be4 65. Nc4 Bb7 66. g5 1-0

[Event "GER-ch35 V1 email"]
[Site "GER email"]
[Date "2003.03.22"]
[Round "?"]
[White "Mehlhorn, Wolfgang"]
[Black "Hartwich, Valentin"]
[Result "1-0"]
[WhiteElo "2132"]
[BlackElo "2153"]
[PlyCount "101"]
[EventDate "2003.03.22"]
[EventType "tourn (corr)"]
[EventRounds "10"]
[EventCountry "GER"]
[SourceTitle "Corr 2008"]
[Source "ChessBase"]
[SourceDate "2008.06.24"]
[SourceVersion "1"]
[SourceVersionDate "2008.06.24"]
[SourceQuality "1"]

1. e4 e5 2. Nf3 Nf6 3. Nxe5 d6 4. Nf3 Nxe4 5. d4 d5 6. Bd3 Bd6 7. 0-0 0-0 8. c4 c6 9. cxd5 cxd5 10. Nc3 Nxc3 11. bxc3 Bg4 12. Rb1 b6 13. Rb5 Bc7 14. h3 a6 15. Rxd5 Qxd5 16. hxg4 Nc6 17. Qb3 Qxb3 18. axb3 Na5 19. b4 Nb7 20. Be4 Ra7 21. Ne5 Nd6 22. Bf3 Re8 23. Nc6 Rb7 24. Be3 Kf8 25. Ra1 a5 26. Kf1 Nc4 27. Bc1 axb4 28. Bd5 b5 29. Nxb4 Rb6 30. Ra7 Bd6 31. Nc6 f6 32. g5 fxg5 33. Bxg5 h6 34. Bc1 Rc8 35. Rf7+ Ke8 36. Na7 Rd8 37. Rxg7 Bf8 38. Bf7+ Ke7 39. Rh7 Kf6 40. Bh5 Ra8 41. Bf3 Re8 42. Bc6 Re7 43. Rxe7 Bxe7 44. Bxb5 Na3 45. Bd3 Rb3 46. Bxh6 Rxc3 47. Ke2 Rc7 48. Nb5 Nxb5 49. Bxb5 Kf5 50. Be3 Ke4 51. Bd3+ 1-0

[Event "GER-ch35 V1 email"]
[Site "GER email"]
[Date "2003.03.22"]
[Round "?"]
[White "Solzbacher, Karl"]
[Black "Hartwich, Valentin"]
[Result "1/2-1/2"]
[WhiteElo "2328"]
[BlackElo "2153"]
[PlyCount "66"]
[EventDate "2003.03.22"]
[EventType "tourn (corr)"]
[EventRounds "10"]
[EventCountry "GER"]
[SourceTitle "Corr 2008"]
[Source "ChessBase"]
[SourceDate "2008.06.24"]
[SourceVersion "1"]
[SourceVersionDate "2008.06.24"]
[SourceQuality "1"]

1. d4 Nf6 2. Nf3 d5 3. c4 e6 4. Nc3 c6 5. e3 Nbd7 6. Qc2 Bd6 7. g4 dxc4 8. Bxc4 Nd5 9. Bd2 b6 10. Ne4 Be7 11. 0-0-0 Bb7 12. Ne5 Rc8 13. Kb1 0-0 14. h4 c5 15. Ng5 N7f6 16. Bd3 g6 17. e4 cxd4 18. Qa4 Qd6 19. Nexf7 Rxf7 20. exd5 Bxd5 21. Nxf7 Kxf7 22. Rc1 b5 23. Qa5 Bc4 24. Rh3 Rc6 25. Bxc4 bxc4 26. Ka1 a6 27. h5 gxh5 28. Rxh5 c3 29. bxc3 dxc3 30. Rxh7+ Ke8 31. Bxc3 Nd5 32. Bb2 Rxc1+ 33. Bxc1 Bf6+ 1/2-1/2